000
00327nam a22001457a 4500
003
OSt
005
20220223103222.0
008
220223b |||||||| |||| 00| 0 eng d
020
_a
9788180141683
040
_c
H U
082
_a
690
100
_a
Kumar Sushil
_9
31252
245
_a
Building Construction
942
_2
ddc
_c
BOOKS
_n
0
999
_c
31317
_d
31317